| 000 | 00443nam a22001697a 4500 | ||
|---|---|---|---|
| 999 |
_c2470 _d2470 |
||
| 005 | 20181015161309.0 | ||
| 008 | 181015b ||||| |||| 00| 0 eng d | ||
| 040 | _cDLC | ||
| 082 |
_a262 _bM469C |
||
| 100 | _aMayhue, Richard | ||
| 245 |
_aChrist and the Churches _cRichard Mayhue |
||
| 250 | _a2nd edition | ||
| 260 |
_aVellore _bBlessing Youth Mission _c1994 |
||
| 300 | _a67p,; | ||
| 650 |
_achrist and churches _xmission |
||
| 942 |
_2ddc _cBK |
||